000 00829nmm a2200265 a 4500
001 ocm000924405
003 TR-IsHL
005 20201028145003.0
008 141121s2013 tu tur
007 cr cn
020 _a9789758915644
035 _a924405
_b(N$T)
050 0 4 _aPL248.A737
_bG86 2013
090 0 4 _aPL248.A737
_bG86 2013
100 1 _aAtasoy, Semra
245 1 0 _aGüneş yeniden doğar mı?
_h[electronic resource] /
_cSemra Atasoy
260 _aİstanbul :
_bGiTa Yayınları,
_c2013
300 _a174 p.
650 4 _aDil ve Edebiyat
650 4 _aLanguage and Literature
650 0 _aTürk romanı
650 0 _aTurkish fiction
650 7 _aLITERARY COLLECTIONS / Middle Eastern
_2bisacsh
856 4 0 _uhttp://search.ebscohost.com/login.aspx?direct=true&scope=site&db=e011xww&AN=924405
999 _c9720
_d9720